000
00261nam a22001217a 4500
041
_a
ENG
100
_a
Bharat Sr
245
_a
Microprocessor-II
260
_a
Mumbai
_b
Chopra Academy
_c
1986
300
_a
138
650
_a
Chemistry (40)
856
_u
Chemistry (40)
999
_c
3014
_d
3014